| 000 | 00637nam a2200181 a 4500 | ||
|---|---|---|---|
| 001 | 000031431 | ||
| 003 | DO-SdBNP | ||
| 005 | 20220713140011.0 | ||
| 008 | 110620s1968 dr r 000 | spa d | ||
| 040 |
_aDO-SdBNP _bspa _cBNPHU |
||
| 082 |
_axxxx _bO74m, 1963 |
||
| 100 | 1 |
_aOrnes de Perelló, Amanda _957821 |
|
| 245 | 1 | 0 |
_aManual de económia domestica : _bdesarrollo del programa oficial de las escuelas de economía domestica de la República Dominicana / _cAmanda Ornes de Perelló. |
| 250 | _a3a ed. | ||
| 260 |
_aSanto Domingo, República Dominicana : _bEditora del Caribe, _c1968. |
||
| 300 |
_av. ; _c23 cm. |
||
| 942 |
_2ddc _cLBS1 |
||
| 999 |
_c30923 _d30923 |
||